| 000 | 00478nam a22001697a 4500 | ||
|---|---|---|---|
| 003 | OSt | ||
| 005 | 20260530113914.0 | ||
| 008 | 260507b1988 mx |||| |||| 00| 0 spa d | ||
| 020 | _a9686635173 | ||
| 040 |
_aICI _bspa _cICI |
||
| 050 |
_aPQ7298.28 _bO37 |
||
| 100 |
_aRodríguez de Longoria, Josefina _933802 |
||
| 245 | 1 | 3 |
_aLa otra alternativa / _cJosefina Rodríguez de Longoria |
| 260 |
_aMonterrey : _bCastillo ; _c1988 |
||
| 300 |
_a118 páginas _c23cm. |
||
| 942 |
_2lcc _cBK _n0 |
||
| 999 |
_c12219 _d12219 |
||